| 000 | 00860nam a2200301Ia 4500 | ||
|---|---|---|---|
| 003 | OSt | ||
| 005 | 20220912150417.0 | ||
| 006 | a|||||r|||| 00| 0 | ||
| 007 | ta | ||
| 008 | 220909b |||||||| |||| 00| 0 eng d | ||
| 020 | _a1584880716 (hbd) | ||
| 024 | _a8918 | ||
| 037 | _bSelectbook, | ||
| 037 | _cTextual | ||
| 040 |
_aCSL _beng _cCSL |
||
| 041 | _aeng | ||
| 082 | _aB2872, P1 | ||
| 100 | _aOwen Art B | ||
| 245 | 0 | _aEmpirical likelihood | |
| 260 |
_aBoca _bRaton Chapman Hall/CRC _c2001 |
||
| 300 | _axv,304p | ||
| 490 | _aMonographs on statistics and applied probability; 92 | ||
| 500 | _aAppendix A1-A7, 261-272p; Bibliographical references 273-286p; Indexes 287-304p | ||
| 650 | _a Estimation theory | ||
| 650 | _aStatistics | ||
| 942 |
_hB2872, P1 _cTEXL _2CC |
||
| 999 |
_c47007 _d47007 |
||